000 00764nam a2200241 a 4500
999 _c12327
_d12327
001 12327
003 BD-JhCC
005 20211026100905.0
008 210608s2016 bg |||| |||| 000 0 eng d
020 _a9789848471432
035 _a(BD-JhCC)12327
040 _aBD-JhCC
_dBD-JhCC
041 _aeng
082 _a297.0815492
_bHAN 2016
100 _aHannan, Shah Abdul
245 _aIslam and gender :
_bthe Bangladesh Perspective /
_cShah Abdul Hannan; Mohammad Shawkat Ali (tr.)
260 _aDhaka :
_bBangladesh Institute of Islamic Thought (BIIT)
_c2016.
300 _a132 p. :
_c20 cm.
650 _aSex--Religious aspects--Islam
_zBangladesh
650 _aGender identity--Religious aspects--Islam
700 _aAli, Mohammad Shawkat
942 _2ddc
_cBK